000 01203nam a2200313 i 4500
003 EG-GICUC
005 20260203224024.0
008 260203s1997 ua ||||fr|||| 00| 0 ara d
040 _a EG-GICUC
_bara
_c EG-GICUC
_d EG-GICUC
_erda
041 0 _aara
082 0 4 _221
_a343
_bف ر . ن
092 0 4 _221
099 _aLaw1 10 343 ف ر . ن 1997
100 0 _aفريد محمد نزار فنری
_eمؤلف.
245 1 0 _aنظام النفاذ المعجل :
_bدراسة مقارنة /
_cفريد محمد نزار فنری ؛ فتحى والى.
264 1 _a[مكان النشر غير محدد] :
_b[دار النشر غير محدد]،
_c1997.
300 _a491 ؛ صفحة
_c24 سم.
336 _2rda content
_atext
337 _2rda media
_aComputer
338 _2rda carrier
_aOnline Resource
504 _aببليوجرافيا: صفحات456-472.
546 _aالنص أغلبه باللغة العربية مع بعض النصوص الفرنسية
650 1 4 _aالقانون الجنائى
_2qrmak
651 1 _2qrmak
700 _aفتحى والى
_eمشرف.
856 4 0 _uhttps://fll.law.cu.edu.eg/fulltext/bks/B10-08497.pdf
905 _a77
942 _2ddc
_cBK
_e21
_n0
999 _c60834
_d60834